Speed Mathematics #2 - Statistics

General Stats
  • This quiz has been taken 453 times
  • The average score is 8 of 9
Answer Stats
Hint Answer % Correct
6X2 12
99%
-7 5
94%
X4 20
93%
/5 4
93%
+17 21
92%
/7 3
92%
X24 72
91%
-55 17
90%
X7 119
84%
No matching quizzes found
Score Distribution
Percent of People with Each Score
Percentile by Number Answered
Your Score History
You have not taken this quiz